الإدريسي و الكرة المجسمة : (رقم التسجيلة. 50224)

تفاصيل مارك
000 -LEADER
fixed length control field 00800nam a22002417a 4500
005 - DATE AND TIME OF LATEST TRANSACTION
control field 20251108170834.0
008 - FIXED-LENGTH DATA ELEMENTS--GENERAL INFORMATION
fixed length control field 250721s1995 xx 000 0 ara d
020 ## - INTERNATIONAL STANDARD BOOK NUMBER
International Standard Book Number 9772702096
082 14 - DEWEY DECIMAL CLASSIFICATION NUMBER
Classification number ط/923.9/بجي
100 1# - MAIN ENTRY--PERSONAL NAME
Personal name البجيرمي، سامي
245 10 - TITLE STATEMENT
Title الإدريسي و الكرة المجسمة :
Remainder of title الكرة المجسمة /
264 1# - PRODUCTION, PUBLICATION, DISTRIBUTION, MANUFACTURE, AND COPYRIGHT NOTICE
Place of production, publication, distribution, manufacture القاهرة :
Name of producer, publisher, distributor, manufacturer الدار المصرية اللبنانية،
Date of production, publication, distribution, manufacture, or copyright notice 1995.
300 ## - PHYSICAL DESCRIPTION
Extent 15ص.
490 0# - SERIES STATEMENT
Series statement الرحالة العرب و الأجانب
Volume/sequential designation 4
650 17 - SUBJECT ADDED ENTRY--TOPICAL TERM
Topical term or geographic name as entry element التراجم
650 17 - SUBJECT ADDED ENTRY--TOPICAL TERM
Topical term or geographic name as entry element الاكتشافات الجغرافية
650 17 - SUBJECT ADDED ENTRY--TOPICAL TERM
Topical term or geographic name as entry element الرحالة
653 ## - INDEX TERM--UNCONTROLLED
Uncontrolled term (سنة 14-10) ناشئون صغار
653 ## - INDEX TERM--UNCONTROLLED
Uncontrolled term الإدريسي
700 1# - ADDED ENTRY--PERSONAL NAME
Personal name قطب، محمد
Relator term Cart.
942 ## - ADDED ENTRY ELEMENTS (KOHA)
Source of classification or shelving scheme Dewey Decimal Classification
Koha item type كتب
المقتنيات
حالة السحب حالة الفقدان مصدر التصنيف حالة التلف غير قابل للإعارة المكتبة الرئيسية المكتبة الحالية موقع الرف تاريخ التزويد الرقم المتسلسل Total Checkouts رقم الإستدعاء الباركود تاريخ آخر ظهور تاريخ الفاتورة نوع المادة (كوها)
    Dewey Decimal Classification     مكتبة أم المؤمنين للأطفال مكتبة أم المؤمنين للأطفال الأطفال 28/07/2025 419340   ط/923.9/بجي 419340 28/07/2025 28/07/2025 كتب
    Dewey Decimal Classification     مكتبة أم قصير والمقابلين العامة مكتبة أم قصير والمقابلين العامة الأطفال 06/07/2004 364374   ط/923.9/بجي 364374 28/07/2025 06/07/2004 كتب
    Dewey Decimal Classification     مكتبة الأميرة ايمان العامة مكتبة الأميرة ايمان العامة الأطفال 24/11/2013 364361   ط/923.9/بجي PLD00287796 28/07/2025 24/11/2013 كتب
    Dewey Decimal Classification     مكتبة الأميرة سلمى مكتبة الأميرة سلمى الأطفال 28/07/2025 364356   ط/923.9/بجي 364356 28/07/2025 28/07/2025 كتب
    Dewey Decimal Classification     مكتبة البراءة للأطفال مكتبة البراءة للأطفال الأطفال 10/04/2014 364357   ط/923.9/بجي PLD00298652 28/07/2025 10/04/2014 كتب
    Dewey Decimal Classification Unchecked   مكتبة الحسن العامة مكتبة الحسن العامة الأطفال 06/07/2004 364370   ط/923.9/بجي   28/07/2025 06/07/2004 كتب
    Dewey Decimal Classification     مكتبة الراية الهاشمية للأطفال مكتبة الراية الهاشمية للأطفال الأطفال 28/07/2025 297823   ط/923.9/بجي 297823 28/07/2025 28/07/2025 كتب
    Dewey Decimal Classification     مكتبة بدر للأطفال مكتبة بدر للأطفال الأطفال 14/08/2022 290764   ط/923.9/بجي PLD00499194 28/07/2025 14/08/2022 كتب
    Dewey Decimal Classification     مكتبة وادي السير العامة مكتبة وادي السير العامة الأطفال 26/08/2015 364264   ط/923.9/بجي PLD00343071 28/07/2025 26/08/2015 كتب
Implemented & Customized by: BBB with SCIT (Smart Chains for Information Technology)

Powered by Koha